Ralegan Siddhi A veritable Transformation (Record no. 603)

MARC details
000 -LEADER
fixed length control field 00290nam a22001217a 4500
041 ## - LANGUAGE CODE
Language code of text/sound track or separate title ENG
100 ## - MAIN ENTRY--PERSONAL NAME
Personal name Hazare A
245 ## - TITLE STATEMENT
Title Ralegan Siddhi A veritable Transformation
260 ## - PUBLICATION, DISTRIBUTION, ETC. (IMPRINT)
Place of publication, distribution, etc Delhi
Name of publisher, distributor, etc Ralegan Siddhi Pariwar Prakashan
Date of publication, distribution, etc 1999
300 ## - PHYSICAL DESCRIPTION
Extent 158
650 ## - SUBJECT ADDED ENTRY--TOPICAL TERM
Topical term or geographic name as entry element Marhati
856 ## - ELECTRONIC LOCATION AND ACCESS
Uniform Resource Identifier Marhati

No items available.

Contact Us: College of Agricultural Engineering and Technology, Dapoli, Dist.- Ratnagiri
Website: https://dbskkv.org Email: caetlibrary2015@gmail.com